| 000 | 01063nam a22003257a 4500 | ||
|---|---|---|---|
| 003 | CHAP | ||
| 005 | 20220329134231.0 | ||
| 008 | 971013s1826 r 00010 d | ||
| 010 | _a17367 | ||
| 011 | _a18339 | ||
| 035 | _a22424 | ||
| 040 | _cCHAP | ||
| 082 |
_a330.97291 _bH8 |
||
| 100 | 0 | 0 |
_aHumboldt, Alexander Von. _956868 |
| 245 | _aEssai politique sur l'Ile de Cuba | ||
| 260 |
_aParis : _bLibrairie de Gide Fils, _c1826 |
||
| 300 |
_a2 v. _b: mapa |
||
| 590 |
_aBATCH-UPD _b10 _c20130110 _lUCH01 _h0021 |
||
| 590 |
_aBATCH-UPD _b10 _c20130110 _lUCH01 _h2232 |
||
| 590 |
_aBATCH-UPD _b10 _c20130409 _lUCH01 _h2000 |
||
| 590 |
_aBATCH-UPD _b10 _c20130410 _lUCH01 _h1527 |
||
| 590 |
_aBATCH-UPD _b10 _c20130914 _lUCH01 _h1110 |
||
| 590 |
_aCONVERSION _b10 _c20130109 _lUCH01 _h1311 |
||
| 650 | 1 | 4 |
_aAntillas _xCondiciones economicas. _96064 |
| 650 | 1 | 4 |
_aCuba _xCondiciones económicas. _929947 |
| 901 | _aBK | ||
| 942 | _cLIBRO | ||
| 949 |
_a330.97291 H8 _bBC _cBPP _d-52506 _eBPP _fv.1 _h36 _i22424 _si |
||
| 949 |
_a330.97291 H8 _bBC _cBPP _d-52507 _eBPP _fv.2 _h37 _i22424 _si |
||
| 999 |
_c17367 _d17367 |
||